000
00314nam a22001337a 4500
008
170613b xxu||||| |||| 00| 0 eng d
020
_a
060429054
041
_a
eng
080
_a
327
100
_a
19
101
_a
SHP
245
_a
STRUCTURE AND PROCESS IN INTERNATIONAL POLITICS
_c
HOPKINS,R.F
942
_2
udc
_c
BK
999
_c
17115
_d
17115